| 000 | 00744nam a2200205 i 4500 | ||
|---|---|---|---|
| 001 | 78118 | ||
| 003 | ES-MaACL | ||
| 007 | t| | ||
| 008 | 041011s1932 gw ||||1| ger d | ||
| 100 | 1 |
_aHann, Julius von. _961731 |
|
| 245 | 1 | 0 |
_aHandbuch der Klimatologie / _cvon Julius von Hann ; vierte, umgeazbeitete und vermechste ; auflage von Karl Knoch. |
| 260 |
_aStuttgart : _bJ. Engelhorns Nachf, _c1932 ( _fUnion Deutsche Verlagsgesellschaft) |
||
| 300 |
_aXVI, 444 p. ; _c23 cm. |
||
| 490 | 1 | _aBibliotehek Geographischer Handbücher | |
| 505 | 8 | _aContiene: I Band: Allgemeine Klimalehre | |
| 700 | 1 |
_aKnoch, Karl. _968358 |
|
| 830 | 0 |
_aBibliotehek Geographischer Handbücher _9231383 |
|
| 852 |
_aES-MaACL _jC-8127 |
||
| 999 |
_c78118 _d78118 |
||